Statistics for Countries of Europe by Capitals - Game

Click here to take the quiz!

General Stats

  • This quiz has been taken 56 times
  • The average score is 34 of 45

Answer Stats

Capital Country % Correct
LondonUnited Kingdom
100%
AthensGreece
100%
StockholmSweden
100%
SkopjeMacedonia
90%
LuxembourgLuxembourg
85%
TallinnEstonia
85%
AmsterdamNetherlands
85%
BrusselsBelgium
81%
LjubljanaSlovenia
81%
SofiaBulgaria
81%
VilniusLithuania
81%
MadridSpain
79%
Vatican CityVatican City
79%
PristinaKosovo
77%
MinskBelarus
73%
Andorra la VellaAndorra
73%
ChișinăuMoldova
73%
ReykjavikIceland
73%
DublinIreland
73%
CopenhagenDenmark
73%
MoscowRussia
73%
BratislavaSlovakia
73%
BucharestRomania
73%
LisbonPortugal
73%
PodgoricaMontenegro
73%
ZagrebCroatia
73%
OsloNorway
73%
PragueCzech Republic
73%
VallettaMalta
73%
RigaLatvia
73%
BerlinGermany
73%
BernSwitzerland
73%
SarajevoBosnia and Herzegovina
73%
WarsawPoland
73%
MonacoMonaco
73%
BelgradeSerbia
69%
RomeItaly
69%
BudapestHungary
69%
ParisFrance
69%
HelsinkiFinland
69%
VaduzLiechtenstein
69%
San MarinoSan Marino
69%
KievUkraine
67%
TiranaAlbania
67%
ViennaAustria
67%

Score Distribution

Percentile by Number Answered

Percent of People with Each Score

Your Score History

You have not taken this quiz